| 000 | 00795nam a2200289 a 4500 | ||
|---|---|---|---|
| 003 | AR-BaBNM | ||
| 005 | 20251128203828.0 | ||
| 008 | 082120s2002 ||||||||||||||000 | spa|| | ||
| 040 | _cAR-BaBNM | ||
| 100 | 1 | _aIbáñez, Iris Acacia | |
| 245 | 0 | 0 |
_aEl francés en la escuela secundaria _bambiciones y métodos |
| 250 | _a1ª ed. | ||
| 260 |
_aBuenos Aires _bEudeba _c1962 |
||
| 300 | _a59 p. | ||
| 490 | 0 |
_aLa escuela en el tiempo. Cuadernos del secundario _vv. 4 |
|
| 504 | _aBibliografía p. 57 | ||
| 650 | 4 | _aENSEÑANZA DE IDIOMAS | |
| 650 | 4 | _aFRANCES | |
| 650 | 4 | _aOBJETIVOS EDUCACIONALES | |
| 650 | 4 | _aAMBIENTE DE LA CLASE | |
| 650 | 4 | _aVOCABULARIO | |
| 650 | 4 | _aPRONUNCIACION | |
| 650 | 4 | _aLITERATURA | |
| 653 | _aEDUCACION SECUNDARIA | ||
| 942 | _cBK | ||
| 998 | _cCarmen | ||
| 999 |
_c5076 _d5076 |
||